Currents of thought in American social psychology /

Bibliographic Details
Main Author: Collier, Gary
Other Authors: Minton, Henry L., Reynolds, Graham
Format: Book
Language:English
Published: New York : Oxford University Press, 1991.
Subjects:

MARC

Tag First Indicator Second Indicator Subfields
LEADER 00000cam a2200000 a 4500
001 in00001035310
005 20150928154034.0
008 901206s1991 nyu b 001 0 eng
010 |a  90026340  
020 |a 0195061292 (acid-free paper) 
035 |a (OCoLC)22906689 
035 |9 AFH6899AM 
040 |a DLC  |c DLC  |d TXA  |d UtOrBLW 
043 |a n-us--- 
049 |a TXAM 
050 0 0 |a HM251  |b .C654 1991 
082 0 0 |a 302  |2 20 
100 1 |a Collier, Gary. 
245 1 0 |a Currents of thought in American social psychology /  |c Gary Collier, Henry L. Minton, Graham Reynolds. 
264 1 |a New York :  |b Oxford University Press,  |c 1991. 
300 |a xi, 335 pages ;  |c 25 cm. 
336 |a text  |b txt  |2 rdacontent 
337 |a unmediated  |b n  |2 rdamedia 
338 |a volume  |b nc  |2 rdacarrier 
504 |a Includes bibliographical references (pages 299-323) and indexes. 
650 0 |a Social psychology  |z United States  |x History. 
700 1 |a Minton, Henry L. 
700 1 |a Reynolds, Graham. 
999 |a MARS 
999 f f |s 0dd4b1ac-b9ce-3fb3-a811-0c74e59b2f39  |i e4f531d3-2584-38cf-824c-d50d44893097  |t 0 
952 f f |p ric  |a Texas A&M University  |b Rellis Campus  |c Joint Library Facility  |d Remote Storage  |t 0  |e HM251 .C654 1991  |h Library of Congress classification  |i unmediated -- volume  |m A14815438273 
998 f f |a HM251 .C654 1991  |t 0  |l Remote Storage